000 00658aas a2200181 4500
999 _c50145
_d50145
001 768714001
003 CO-MdFUSB
005 20170914121316.0
008 170914s2000 ag ||||| |||| 00| 0 spa d
022 _a0326-6737
040 _aCO-MdFUSB
_bspa
_cCO-MdFUSB
_dCO-MdFUSB
041 _aspa
100 1 _aLeón, Jorge A.
_eautor
245 1 0 _aLo inconsciente inmpulsivo (Freud), el inconsciente espiritual (Frankl), en la relfexión antropológical del siglo 21
_c/ León, Jorge A.
300 _aVolumen 19 (2000), páginas 291-310
_c: 23 cm.
773 0 _tCuadernos de Teología
_049404
_959702
_gVolumen 19 (2000), páginas 291-310
_qPágina 291
942 _cANA